| 000 | 00964nam a2200289 i 4500 | ||
|---|---|---|---|
| 001 | 000013120 | ||
| 003 | DO-SdBNP | ||
| 005 | 20250630104809.0 | ||
| 007 | ta | ||
| 008 | 091120s1997 dr 000 f spa d | ||
| 040 |
_aDO-SdBNP _bspa _cBNPHU _erda |
||
| 041 | _aspa | ||
| 082 | 4 |
_aRD863.44 _bV145re _222 |
|
| 100 | 1 |
_aValdez, Diógenes, _d1941- _eautor _4aut. _920511 |
|
| 245 | 1 | 0 |
_aRetrato de dinosaurios en la Era de Trujillo : _bnovela / _cDiógenes Valdez. |
| 264 | 4 |
_aSanto Domingo : _bEdita-Libros, _c©1997. |
|
| 300 |
_a305 páginas ; _c21 cm. |
||
| 336 |
_atexto _btxt _2rdacontent |
||
| 337 |
_asin mediación _bn _2rdamedia |
||
| 338 |
_avolumen _bnc _2rdacarrier |
||
| 590 | _aInventariado, 2020/VM | ||
| 650 | 4 |
_aNovela histórica dominicana. _9860 |
|
| 650 | 4 |
_aLiteratura dominicana. _967 |
|
| 651 | 0 |
_aREPÚBLICA DOMINICANA _xHISTORIA _yERA DE TRUJILLO, 1930-1961 _xNOVELA _921999 |
|
| 910 | _aValidado. Control de calidad MFF | ||
| 942 |
_2ddc _cLBS1 |
||
| 999 |
_c12762 _d12762 |
||